000 00890nam a2200229Ia 4500
003 GCL
008 140319s9999 xx 000 0 ara d
020 _a7083291977
040 _aGCL /
_cGCL
082 0 4 _a811.9
_bح ث
100 1 _aحاتم عبدالهادى السيد
245 1 0 _aثقافة البادية :
_bملامح الشعر اليدوى فى بادية سيناء /
_cحاتم عبدالهادى السيد
250 _aالاولى
260 _aالقاهرة :
_bمركز الحضارة العربية للاعلام والنشر ،
_c1998
300 _a96 ص ؛
_c24 سم
650 0 4 _aالادب العربى
650 0 4 _aالشعر العربى - تاريخ ونقد
650 0 4 _aالشعر العربى - دواوين وقصائد
650 0 4 _aالشعر العربى - مجموعات
650 0 4 _aالشعر اليدوى (مضاف)
942 _2ddc
_cBK
999 _c5375
_d5375